Agroforestry (Record no. 17878)

MARC details
000 -LEADER
fixed length control field 00397nam a22001337a 4500
008 - FIXED-LENGTH DATA ELEMENTS--GENERAL INFORMATION
fixed length control field 190731b xxu||||| |||| 00| 0 eng d
020 ## - INTERNATIONAL STANDARD BOOK NUMBER
International Standard Book Number 9400746756
050 ## - LIBRARY OF CONGRESS CALL NUMBER
Classification number S494.5
Item number .A37 2012 c.1
245 ## - TITLE STATEMENT
Title Agroforestry
Remainder of title The Future of Global Land Use
Statement of responsibility, etc. edited by Ramachandran and Dennis Garrity
260 ## - PUBLICATION, DISTRIBUTION, ETC. (IMPRINT)
Place of publication, distribution, etc. London
Name of publisher, distributor, etc. Springer
Date of publication, distribution, etc. 2012
300 ## - PHYSICAL DESCRIPTION
Extent xxi, 541p.
650 ## - SUBJECT ADDED ENTRY--TOPICAL TERM
Topical term or geographic name as entry element Agroforestry
942 ## - ADDED ENTRY ELEMENTS (KOHA)
Source of classification or shelving scheme Library of Congress Classification
Koha item type General Collection
Holdings
Withdrawn status Lost status Source of classification or shelving scheme Not for loan Home library Current library Date acquired Total Checkouts Full call number Barcode Date last seen Price effective from Koha item type
    Library of Congress Classification   Kabarak, Main Campus Kabarak, Main Campus 31/07/2019   S494.5 .A37 2012 c.1 023069 31/07/2019 31/07/2019 General Collection
Designed with assistance from East African Informatics Ltd